000 00271nam a2200109Ia 4500
005 20251222153534.0
008 251222s9999||||xx |||||||||||||| ||spa||
082 _a868.32/M26
100 _a"Marasso, Arturo"
245 0 _aCervantes: La invención del Quijote
942 _cLIB
999 _c30186
_d30186